Otazky a odpovede z elektrotechniky. 2 /

Uložené v:
Podrobná bibliografia
Hlavný autor: Meluzin, Hubert, 1909-1999 (Author)
Médium: Kniha
Jazyk:Slovak
Vydané: Bratislava : Alfa, 1987.
Vydanie:3. preprac. vyd.
Edícia:Edícia elektrotechnickej literatúry
ISBN: (brož.)
Fyzický popis: 351 s.
Tagy: Pridať tag
Žiadne tagy, Buďte prvý kto otaguje tento záznam!

MARC

LEADER 00000nam a2200000 a 4500
001 000213613
005 20100613142604.0
008 970103s1987 xo slo d
020 |a (brož.)  |c 17.- Kčs 
040 |a SVKKK  |b slo  |c SVKKK  |e AACR2 
041 0 |a slo 
044 |a xo  |c SK 
100 1 |a Meluzin, Hubert,  |d 1909-1999  |4 aut 
245 1 0 |a Otazky a odpovede z elektrotechniky.  |n 2 /  |c Hubert Meluzin. 
250 |a 3. preprac. vyd. 
260 |a Bratislava :  |b Alfa,  |c 1987. 
300 |a 351 s. 
490 1 |a Edícia elektrotechnickej literatúry 
830 0 |a Edícia elektrotechnickej literatúry 
910 |a svkkk 
998 |a BK 
090 |g SCKHL  |k Sklad Pribinova 2. posch.  |a II.312608  |j 759592  |i 213613-10  |s Absenčne 
090 |g SCKHL  |k Sklad Pribinova 2. posch.  |a II.312609  |j 759593  |i 213613-20  |s Absenčne 
090 |g SCKHL  |k Sklad Pribinova 2. posch.  |a II.312610  |j 759594  |i 2720283905  |s Absenčne 
090 |g SCKHL  |k Sklad Pribinova 2. posch.  |a II.313144  |j 760851  |i 234569-10  |s Absenčne 
090 |g SCKHL  |k Sklad Pribinova 2. posch.  |a II.323348  |j 761046  |i B240894  |s Absenčne